| 000 | 00692nam a2200229 a 4500 | ||
|---|---|---|---|
| 001 | 43805 | ||
| 003 | BD-RjUL | ||
| 005 | 20211209053744.0 | ||
| 008 | 160627s1968 enkaaa 001 0 eng | ||
| 035 | _a(BD-RjUL)43923 | ||
| 040 |
_aDLC _cDLC _dBD-RjUL _beng |
||
| 041 | _aeng | ||
| 082 | 0 | 0 |
_a340.07114257 _223 _bLAO 1968 |
| 100 | 1 |
_aLawson, F. H. _q(Frederick Henry), _d1897- _9134641 |
|
| 245 | 1 | 4 |
_aThe Oxford Law School, 1850-1965 / _cby F. H. Lawson. |
| 260 |
_aLondon : _bClarendon P. , _cc1968. |
||
| 300 |
_axi, 271 p. : _bill. ; _c23 cm. |
||
| 490 | 0 | _aClarendon law series | |
| 500 | _aIncludes index. | ||
| 610 | 2 | 0 |
_aUniversity of Oxford. _bFaculty of Law. _9134643 |
| 942 |
_2ddc _cBK |
||
| 999 |
_c43805 _d43805 |
||